Microsoft TCP/IP training (Record no. 77641)
[ view plain ]
| 000 -LEADER | |
|---|---|
| fixed length control field | 00975nam a2200241 a 4500 |
| 008 - FIXED-LENGTH DATA ELEMENTS--GENERAL INFORMATION | |
| fixed length control field | 120416s1997 ||||||||||||||||| || u |
| 020 ## - INTERNATIONAL STANDARD BOOK NUMBER | |
| International Standard Book Number | 1572316233 |
| 050 ## - LIBRARY OF CONGRESS CALL NUMBER | |
| Classification number | QA 76 .3 MIC |
| 100 ## - MAIN ENTRY--PERSONAL NAME | |
| Personal name | Stuple, Stuart |
| 245 10 - TITLE STATEMENT | |
| Title | Microsoft TCP/IP training |
| Statement of responsibility, etc. | edited by Stuart Stuple |
| 246 ## - | |
| -- | Microsoft TCP Corporation |
| 260 ## - PUBLICATION, DISTRIBUTION, ETC. | |
| Place of publication, distribution, etc. | Washington DC: |
| Name of publisher, distributor, etc. | Microsft Press |
| Date of publication, distribution, etc. | 1997 |
| 300 ## - PHYSICAL DESCRIPTION | |
| Extent | xxiii, 398p. : ill. |
| 350 ## - | |
| -- | 0.00 |
| 650 ## - SUBJECT ADDED ENTRY--TOPICAL TERM | |
| Topical term or geographic name entry element | ELECTRONICS--DATA PROCESSING PERSONNEL--CERTIFICATION |
| 650 ## - SUBJECT ADDED ENTRY--TOPICAL TERM | |
| Topical term or geographic name entry element | TCP/ IP (COMPUTER NETWORK PROTOCOL) |
| 650 ## - SUBJECT ADDED ENTRY--TOPICAL TERM | |
| Topical term or geographic name entry element | SOFTWARE |
| 650 ## - SUBJECT ADDED ENTRY--TOPICAL TERM | |
| Topical term or geographic name entry element | MICROSOFT SOFTWARE--STUDY AND TEACHING |
| 700 ## - ADDED ENTRY--PERSONAL NAME | |
| Personal name | Microsoft TCPCorporation |
| 710 ## - ADDED ENTRY--CORPORATE NAME | |
| Corporate name or jurisdiction name as entry element | Microsoft Corporation |
| 995 ## - | |
| -- | REFERENCE BOOKS |
| -- | 0.00 |
| -- | 734645 |
| -- | CBU-MAIN LIBRARY (Kitwe) |
| -- | 1 |
| -- | 110.00 |
| -- | QA 76 .3 Mic |
| -- | 1 |
| -- | REFERENCE |
| -- | 48000 |
| -- | Reference Collection |
| 995 ## - | |
| -- | REFERENCE BOOKS |
| -- | 0.00 |
| -- | 734326 |
| -- | CBU-MAIN LIBRARY (Kitwe) |
| -- | 2 |
| -- | 110.00 |
| -- | QA 76 .3 Mic |
| -- | 2 |
| -- | REFERENCE |
| -- | 46608 |
| -- | Reference Collection |
| 999 ## - | |
| -- | 77641 |
| -- | 77641 |
| Withdrawn status | Lost status | Source of classification or shelving scheme | Damaged status | Not for loan | Permanent Location | Current Location | Shelving location | Date acquired | Total Checkouts | Full call number | Barcode | Date last seen | Copy number | Price effective from | Koha item type |
|---|---|---|---|---|---|---|---|---|---|---|---|---|---|---|---|
| CBU-MAIN LIBRARY, KITWE. | CBU-MAIN LIBRARY, KITWE. | 05/03/2023 | QA 76 .3 MIC | 48000 | 05/03/2023 | 1 | 05/03/2023 | REFERENCE COLLECTION | |||||||
| CBU-MAIN LIBRARY, KITWE. | CBU-MAIN LIBRARY, KITWE. | 05/03/2023 | QA 76 .3 MIC | 46608 | 05/03/2023 | 2 | 05/03/2023 | REFERENCE COLLECTION |